| 000 | 00625nam a22002297a 4500 | ||
|---|---|---|---|
| 001 | 25985 | ||
| 003 | BD-RjUL | ||
| 005 | 20211209050944.0 | ||
| 008 | 140319s1979 ii 000 0 eng | ||
| 035 | _a(BD-RjUL)26055 | ||
| 040 |
_aDLC _cDLC _beng _dBD-RjUL |
||
| 041 | _aeng | ||
| 082 |
_a954.03 _bSAO 1979 |
||
| 100 | 1 |
_aSarkar, Susobhan Chandra. _979850 |
|
| 245 | 1 | 0 |
_aOn the Bengal Renaissance / _cSusobhan Sarkar. |
| 260 |
_aCalcutta : _bPapyrus, _c1979. |
||
| 300 |
_a166 p. ; _c22 cm. |
||
| 651 |
_3Bengal Renaissance _aBangladesh _979851 |
||
| 942 |
_2ddc _cBK |
||
| 999 |
_c25985 _d25985 |
||